Name the Band #1 - Statistics

General Stats
  • This quiz has been taken 42 times
  • The average score is 6 of 12
Answer Stats
Picture Answer % Correct
The Beatles
100%
The Doors
93%
Led Zeppelin
80%
The Monkees
73%
Green Day
63%
Nirvana
54%
The Clash
44%
Rush
34%
Lynyrd Skynyrd
32%
Linkin Park
27%
Weezer
5%
Papa Roach
2%
No matching quizzes found
Score Distribution
Percent of People with Each Score
Percentile by Number Answered
Your Score History
You have not taken this quiz